[Event "Chessable Masters Prelim"]
[Site "chess24.com INT"]
[Date "2021.08.02"]
[Round "12.6"]
[White "Le, Quang Liem"]
[Black "So, Wesley"]
[Result "1/2-1/2"]
[WhiteTitle "GM"]
[BlackTitle "GM"]
[WhiteElo "2709"]
[BlackElo "2772"]
[WhiteFideId "12401137"]
[BlackFideId "5202213"]
[EventDate "2021.07.31"]

1. Nf3 d5 2. d4 Nf6 3. c4 e6 4. Nc3 Be7 5. Bf4 O-O 6. e3 Nbd7 7. a3 c5 8. cxd5
Nxd5 9. Nxd5 exd5 10. dxc5 Nxc5 11. Be5 Bf5 12. Be2 Bf6 13. Bxf6 Qxf6 14. Qd4
Qd6 15. Rd1 Rfd8 16. Qd2 Qf6 17. Qd4 Qd6 18. Qd2 Qf6 19. Qd4 Qd6 1/2-1/2

[Event "Chessable Masters Prelim"]
[Site "chess24.com INT"]
[Date "2021.08.02"]
[Round "12.7"]
[White "Mamedyarov, Shakhriyar"]
[Black "Firouzja, Alireza"]
[Result "1/2-1/2"]
[WhiteTitle "GM"]
[BlackTitle "GM"]
[WhiteElo "2782"]
[BlackElo "2759"]
[WhiteFideId "13401319"]
[BlackFideId "12573981"]
[EventDate "2021.07.31"]

1. d4 Nf6 2. c4 e6 3. Nf3 d5 4. Nc3 Nbd7 5. Bg5 h6 6. Bh4 Be7 7. e3 O-O 8. Rc1
c5 9. cxd5 Nxd5 10. Bxe7 Nxe7 11. Be2 b6 12. O-O Bb7 13. dxc5 Nxc5 14. b4 Ne4
15. Nxe4 Bxe4 16. Nd4 Rc8 17. Qa4 Rxc1 18. Rxc1 Nf5 19. Nxf5 exf5 20. Bf1 Qe7
21. b5 Rd8 22. Rd1 Rc8 23. Qd4 g6 24. a4 Bb7 25. Qd7 Rc7 26. Qxe7 Rxe7 27. a5
bxa5 28. Ra1 Rc7 29. Rxa5 Bc8 30. h4 Be6 31. f3 Kg7 32. Ra6 Bd7 33. Ra5 Be6 34.
Ra6 Bd7 35. Ra5 Be6 1/2-1/2

[Event "Chessable Masters Prelim"]
[Site "chess24.com INT"]
[Date "2021.08.02"]
[Round "12.8"]
[White "Adhiban, Baskaran"]
[Black "Van Foreest, Jorden"]
[Result "1-0"]
[WhiteTitle "GM"]
[BlackTitle "GM"]
[WhiteElo "2660"]
[BlackElo "2688"]
[WhiteFideId "5018471"]
[BlackFideId "1039784"]
[EventDate "2021.07.31"]

1. e4 e5 2. Nf3 Nc6 3. Bc4 Bc5 4. d3 d6 5. c3 Nf6 6. Bg5 h6 7. Bh4 Qe7 8. Nbd2
g5 9. Bg3 a6 10. O-O Ba7 11. Kh1 Nh5 12. b4 O-O 13. a4 Be6 14. b5 Na5 15. Bxe6
fxe6 16. d4 exd4 17. Nxd4 Nxg3+ 18. hxg3 Rf7 19. Qg4 c5 20. Nxe6 Kh8 21. Nf3 h5
22. Qxg5 Qxe6 23. Qxh5+ Kg8 24. Ng5 Qf6 25. e5 dxe5 26. Nxf7 Qxf7 27. Qxe5 Nc4
28. Qg5+ Qg7 29. Qxg7+ Kxg7 30. Rad1 axb5 31. axb5 Kf6 32. Rd7 Bb6 33. Rxb7 Ba5
34. Ra1 Nd6 35. Rh7 Nxb5 36. c4 Nd4 37. Kg1 Nb3 38. Ra3 Rb8 39. Rh5 Rb4 40. Rd5
Bb6 41. Ra6 Ke6 42. Rh5 Kd6 43. Rh6+ Kc7 44. g4 Kb7 45. Rhxb6+ Rxb6 46. Rxb6+
Kxb6 47. g5 Nd4 48. g6 Nf5 49. f4 Ne7 50. g7 Kc6 51. f5 Ng8 52. g4 Kd6 53. g5
Ke7 54. f6+ 1-0

[Event "Chessable Masters Prelim"]
[Site "chess24.com INT"]
[Date "2021.08.02"]
[Round "13.1"]
[White "Van Foreest, Jorden"]
[Black "Mishra, Abhimanyu"]
[Result "1-0"]
[WhiteTitle "GM"]
[BlackTitle "IM"]
[WhiteElo "2688"]
[BlackElo "2504"]
[WhiteFideId "1039784"]
[BlackFideId "30920019"]
[EventDate "2021.07.31"]

1. Nf3 d5 2. d4 Nf6 3. c4 c6 4. Nc3 e6 5. e3 Nbd7 6. Qc2 Bd6 7. g4 h6 8. g5 hxg5
9. Nxg5 Qe7 10. Bd2 dxc4 11. Bxc4 b5 12. Be2 Bb7 13. Bf3 Rc8 14. O-O-O Nb6 15.
Kb1 Nfd5 16. Nce4 Nc4 17. Nxd6+ Qxd6 18. Ne4 Qe7 19. Nc5 O-O 20. Bc1 e5 21. Rhg1
Nb4 22. Qf5 Rfd8 23. b3 Nd5 24. Bxd5 cxd5 25. bxc4 bxc4 26. Ka1 Rc6 27. Ba3 Bc8
28. Qxe5 Qxe5 29. dxe5 Be6 30. Ne4 c3 31. Nf6+ Kh8 32. Rd4 Rc4 33. Rxc4 dxc4 34.
Ne4 c2 35. Nd6 Rb8 36. Rc1 Rb6 37. Rxc2 Ra6 38. Bc5 Ra5 39. Bd4 Ra4 40. Rc3 a6
41. f4 g6 42. Nxf7+ Bxf7 43. e6+ Kg8 44. exf7+ Kxf7 45. Bc5 Ke6 46. Ra3 Rxa3 47.
Bxa3 Kd5 48. Kb2 Ke4 49. Bc5 Kd3 50. Bd4 c3+ 51. Kc1 c2 52. h4 Ke4 53. Kxc2 1-0

[Event "Chessable Masters Prelim"]
[Site "chess24.com INT"]
[Date "2021.08.02"]
[Round "13.2"]
[White "Firouzja, Alireza"]
[Black "Adhiban, Baskaran"]
[Result "1-0"]
[WhiteTitle "GM"]
[BlackTitle "GM"]
[WhiteElo "2759"]
[BlackElo "2660"]
[WhiteFideId "12573981"]
[BlackFideId "5018471"]
[EventDate "2021.07.31"]

1. e4 c5 2. Nf3 d6 3. Bb5+ Bd7 4. Bxd7+ Nxd7 5. O-O Ngf6 6. Qe2 e6 7. d4 cxd4 8.
Nxd4 a6 9. c4 Rc8 10. b3 Qa5 11. Bb2 Be7 12. Nc3 O-O 13. Rac1 Rfe8 14. Kh1 Qe5
15. Rcd1 Qa5 16. f4 Qh5 17. Nf3 Red8 18. Rg1 Qa5 19. Nd4 h5 20. Rd3 Bf8 21. Rg3
Re8 22. Rf1 g6 23. f5 exf5 24. Nxf5 Re6 25. Rg5 Qd8 26. Nd4 Re5 27. Nf3 Rxg5 28.
Nxg5 Bg7 29. h3 Ne5 30. Nf3 Nxf3 31. Qxf3 Qe7 32. Bc1 Qe6 33. Bg5 Nh7 34. Bh4 b5
35. Nd5 Bf8 36. cxb5 axb5 37. Qd3 Re8 38. Qxb5 Rc8 39. Qd3 g5 40. Bf2 Bg7 41.
Bd4 g4 42. Nf4 Qh6 43. Bxg7 Kxg7 44. h4 Kg8 45. Qd5 g3 46. Qf5 Rc2 47. Nxh5 Rf2
48. Qg4+ Qg5 49. Qxg5+ Nxg5 50. Nxg3 Rxf1+ 51. Nxf1 Nxe4 52. a4 d5 53. a5 Nc3
54. a6 Nb5 55. g4 Kg7 56. Ne3 d4 57. Nf5+ Kf6 58. Nxd4 1-0

[Event "Chessable Masters Prelim"]
[Site "chess24.com INT"]
[Date "2021.08.02"]
[Round "13.4"]
[White "Aronian, Levon"]
[Black "Le, Quang Liem"]
[Result "1/2-1/2"]
[WhiteTitle "GM"]
[BlackTitle "GM"]
[WhiteElo "2782"]
[BlackElo "2709"]
[WhiteFideId "13300474"]
[BlackFideId "12401137"]
[EventDate "2021.07.31"]

1. d4 Nf6 2. c4 e6 3. Nf3 d5 4. Nc3 a6 5. e3 b6 6. cxd5 exd5 7. g3 Bd6 8. Bg2
O-O 9. O-O Re8 10. b3 Nbd7 11. Bb2 Bb7 12. Rc1 Rc8 13. Ne2 a5 14. Qc2 Ba6 15.
Rfd1 c6 16. Nf4 Ne4 17. Ne5 Nxe5 18. dxe5 Bxe5 19. Bxe4 Bxb2 20. Bxh7+ Kh8 21.
Bg6 Bxc1 22. Bxf7 Re4 23. Rxc1 g5 24. Qb2+ d4 25. Bg6 Re7 26. Rd1 Rg7 27. Nh5 c5
28. Nxg7 Kxg7 29. Bf5 Rc6 30. exd4 Qf6 31. g4 Rd6 32. Qc1 cxd4 33. Qc7+ Kf8 34.
Bd3 Rc6 35. Qh7 Qf3 36. Re1 Qxg4+ 37. Kf1 Bxd3+ 38. Qxd3 Rc3 39. Qh7 Qh3+ 40.
Qxh3 Rxh3 41. Re5 Rxh2 42. Rxg5 a4 43. bxa4 Rh1+ 44. Rg1 Rh3 45. Rg3 Rh1+ 46.
Ke2 Ra1 47. Ra3 Ke7 48. Kd3 Rd1+ 49. Kc4 Rd2 50. f3 Ke6 51. Rb3 Rxa2 52. Rxb6+
Kd7 53. Rb4 Ra3 54. f4 Rf3 55. Rb7+ Kc6 56. Rf7 d3 57. Rf6+ Kd7 58. Kc3 Ke7 59.
Rf5 Ke6 60. Re5+ Kd6 61. Re4 Kd5 62. Rb4 Kc5 63. Rb5+ Kc6 64. Rf5 Kb6 65. a5+
Ka6 66. Kd2 Kb7 67. Rf6 Ka7 68. a6 Rh3 69. f5 Rf3 70. Kc3 Rg3 71. Rd6 Rf3 72. f6
Kb8 73. Kd4 d2 74. Ke5 Rf2 75. Rd7 Kc8 76. Rd3 Kb8 77. Ke6 Re2+ 78. Kd7 Rf2 79.
Ke7 Re2+ 80. Kf8 Ka7 81. Rd6 Re6 82. Rxe6 d1=Q 83. f7 Qg4 84. Rf6 Qg5 85. Rd6
Qg3 86. Ke7 Qe5+ 87. Re6 Qc5+ 88. Kf6 Qc3+ 89. Kg6 Qg3+ 90. Kh7 Qh3+ 91. Rh6
Qf5+ 92. Kg7 Qe5+ 93. Rf6 Qg5+ 94. Rg6 Qe5+ 95. Kh7 Qh5+ 96. Kg7 Qe5+ 97. Kg8
Qd5 98. Kf8 Qc5+ 99. Kg7 Qe5+ 1/2-1/2

[Event "Chessable Masters Prelim"]
[Site "chess24.com INT"]
[Date "2021.08.02"]
[Round "13.5"]
[White "Tari, Aryan"]
[Black "Koneru, Humpy"]
[Result "1-0"]
[WhiteTitle "GM"]
[BlackTitle "GM"]
[WhiteElo "2639"]
[BlackElo "2586"]
[WhiteFideId "1510045"]
[BlackFideId "5008123"]
[EventDate "2021.07.31"]

1. d4 d5 2. Nf3 Nf6 3. Bf4 e6 4. e3 c5 5. Nbd2 Nc6 6. c3 Bd6 7. Bg3 O-O 8. Bd3
b6 9. e4 dxe4 10. Nxe4 Nxe4 11. Bxe4 Bb7 12. dxc5 Bxc5 13. Qa4 Rc8 14. Rd1 Qe7
15. O-O a5 16. a3 Rfd8 17. Rxd8+ Nxd8 18. Rd1 b5 19. Qc2 f5 20. Bxb7 Qxb7 21.
Qe2 h6 22. Ne5 Nc6 23. Nd3 Bf8 24. Qxe6+ Kh8 25. Ne5 Nxe5 26. Bxe5 Qc6 27. Qxf5
Re8 28. h4 Qc5 29. Bxg7+ Kxg7 30. Rd7+ 1-0

[Event "Chessable Masters Prelim"]
[Site "chess24.com INT"]
[Date "2021.08.02"]
[Round "13.7"]
[White "Ju, Wenjun"]
[Black "Anton Guijarro, David"]
[Result "1-0"]
[WhiteTitle "GM"]
[BlackTitle "GM"]
[WhiteElo "2560"]
[BlackElo "2673"]
[WhiteFideId "8603006"]
[BlackFideId "2285525"]
[EventDate "2021.07.31"]

1. d4 Nf6 2. c4 b6 3. g3 Bb7 4. Nf3 c5 5. d5 b5 6. Nc3 b4 7. Nb1 e6 8. Bg2 exd5
9. Nh4 g6 10. cxd5 Bg7 11. O-O O-O 12. e4 d6 13. a3 Nbd7 14. Nd2 Re8 15. Re1 Ne5
16. Bf1 Qb6 17. Ng2 Nfg4 18. h3 Nxf2 19. Kxf2 c4+ 20. Ne3 c3 21. Nb3 Nd7 22. Rb1
Nf6 23. Bg2 Nxe4+ 24. Bxe4 Rxe4 25. bxc3 Bxc3 26. Bd2 Rae8 27. axb4 Bg7 28. Nc5
dxc5 29. bxc5 Qxc5 30. Rxb7 Bd4 31. Qb3 a5 32. d6 Rf8 33. d7 a4 34. Qb5 Qc2 35.
Re2 a3 36. Qd5 Rxe3 37. Bxe3 Bxe3+ 38. Kxe3 Qc3+ 39. Kf2 Qf6+ 40. Kg2 Rd8 41.
Re8+ Kg7 42. Rxd8 Qxd8 43. Qe5+ 1-0

[Event "Chessable Masters Prelim"]
[Site "chess24.com INT"]
[Date "2021.08.02"]
[Round "13.8"]
[White "Artemiev, Vladislav"]
[Black "Harikrishna, Pentala"]
[Result "1-0"]
[WhiteTitle "GM"]
[BlackTitle "GM"]
[WhiteElo "2704"]
[BlackElo "2730"]
[WhiteFideId "24101605"]
[BlackFideId "5007003"]
[EventDate "2021.07.31"]

1. c4 c6 2. e4 d5 3. exd5 cxd5 4. d4 Nf6 5. Nc3 e6 6. Nf3 Bb4 7. cxd5 Nxd5 8.
Bd2 Nc6 9. Bd3 O-O 10. O-O Be7 11. a3 Nf6 12. Be3 b6 13. Qe2 Bb7 14. Rad1 Rc8
15. Rfe1 Nd5 16. Nxd5 Qxd5 17. Bc4 Qh5 18. d5 Na5 19. Ba2 Bxd5 20. Bxd5 exd5 21.
Bxb6 Nc6 22. Bxa7 Bxa3 23. bxa3 Nxa7 24. h3 Nc6 25. Qb5 h6 26. Rxd5 Qg6 27. Rc5
Na7 28. Qa5 Rxc5 29. Qxc5 Qa6 30. Ne5 Qb7 31. a4 Rc8 32. Qd6 Re8 33. Nf3 Ra8 34.
Nd4 Qb8 35. Qd7 Qc8 36. Qd5 Qd8 37. Qe5 Qb8 38. Qe4 g6 39. h4 h5 40. Nf3 Nc8 41.
Rb1 Qa7 42. Qe8+ Kg7 43. Ng5 Nb6 44. Qc6 Rb8 45. a5 Nd7 46. Rxb8 Nxb8 47. Qc3+
Kg8 48. Qf6 Qb7 49. Qd8+ Kg7 50. Qd4+ Kg8 51. Ne4 Nc6 52. Nf6+ Kf8 53. Qc5+ Kg7
54. Ne8+ Kg8 55. Nf6+ Kg7 56. Qc3 Kf8 57. Nd5 Qb1+ 58. Kh2 Qb8+ 59. f4 Ne7 60.
Qc5 1-0

[Event "Chessable Masters Prelim"]
[Site "chess24.com INT"]
[Date "2021.08.02"]
[Round "14.1"]
[White "Mishra, Abhimanyu"]
[Black "Harikrishna, Pentala"]
[Result "1-0"]
[WhiteTitle "IM"]
[BlackTitle "GM"]
[WhiteElo "2504"]
[BlackElo "2730"]
[WhiteFideId "30920019"]
[BlackFideId "5007003"]
[EventDate "2021.07.31"]

1. d4 d6 2. Nf3 Nf6 3. c4 g6 4. Nc3 Bf5 5. d5 Bg7 6. Nd4 Bd7 7. e4 O-O 8. Be2 c5
9. Nf3 e6 10. O-O exd5 11. exd5 a6 12. Bf4 Bg4 13. Qd2 Re8 14. h3 Bxf3 15. Bxf3
Qc7 16. Rae1 Nbd7 17. g4 Nf8 18. b3 N6d7 19. g5 f5 20. gxf6 Nxf6 21. Bg4 Nxg4
22. hxg4 Qd7 23. f3 h5 24. gxh5 Bd4+ 25. Kg2 gxh5 26. Ne4 Ng6 27. Bg3 Qg7 28.
Qg5 Rf8 29. Kh1 Ne5 30. Qxg7+ Kxg7 31. Nxd6 Nxf3 32. Re7+ Kg6 33. Re6+ Kg7 34.
Kg2 h4 35. Re7+ Kg6 36. Be1 Nxe1+ 37. Rexe1 b5 38. Re6+ Kh5 39. Nf5 Kg5 40. Ne3
bxc4 41. bxc4 Rxf1 42. Nxf1 Rf8 43. Nh2 Rf2+ 44. Kh3 Kf5 45. Re8 Rxa2 46. Ng4
Rc2 47. d6 Rc3+ 48. Kxh4 Rxc4 49. Kh5 Rc1 50. Nh6+ Kf4 51. Rf8+ Ke4 52. d7 Rh1+
53. Kg4 Rg1+ 54. Kh3 Bf6 55. Rxf6 Rd1 56. Rf7 c4 57. Re7+ Kf3 58. Ng4 c3 59.
Rf7+ Ke2 60. Re7+ Kf3 61. Ne5+ Kf4 62. Re8 c2 63. d8=Q Rh1+ 64. Kg2 Rg1+ 65. Kf2
Rf1+ 66. Ke2 Re1+ 67. Kxe1 c1=Q+ 68. Qd1 Qe3+ 69. Qe2 Qc1+ 70. Kf2 1-0

[Event "Chessable Masters Prelim"]
[Site "chess24.com INT"]
[Date "2021.08.02"]
[Round "14.2"]
[White "Anton Guijarro, David"]
[Black "Artemiev, Vladislav"]
[Result "0-1"]
[WhiteTitle "GM"]
[BlackTitle "GM"]
[WhiteElo "2673"]
[BlackElo "2704"]
[WhiteFideId "2285525"]
[BlackFideId "24101605"]
[EventDate "2021.07.31"]

1. e4 c6 2. d4 d5 3. e5 Bf5 4. Bd3 Bxd3 5. Qxd3 e6 6. Ne2 c5 7. c3 Nc6 8. O-O
Nge7 9. Nd2 Rc8 10. Nf3 cxd4 11. cxd4 Nf5 12. Bd2 h5 13. Ng3 Nh4 14. Nxh4 Qxh4
15. Rac1 Qd8 16. Ne2 Be7 17. Nf4 g6 18. Rc2 Qb6 19. Rfc1 Kd7 20. Ne2 Nb4 21.
Bxb4 Qxb4 22. g3 Rc6 23. a3 Qb6 24. Qf3 Rf8 25. h4 g5 26. hxg5 Bxg5 27. Nf4 Rxc2
28. Rxc2 Qxd4 29. Qb3 Rb8 30. Ne2 Qb6 31. Qf3 h4 32. gxh4 Bxh4 33. Qxf7+ Be7 34.
Qf4 Qb3 35. Rc3 Qd1+ 36. Kg2 Qxe2 37. Qa4+ Kd8 38. Qxa7 Qxe5 39. Re3 Qd6 40.
Rxe6 Qxe6 41. Qxb8+ Qc8 42. Qe5 Qg4+ 43. Kf1 Qc4+ 44. Kg1 Qc1+ 0-1

[Event "Chessable Masters Prelim"]
[Site "chess24.com INT"]
[Date "2021.08.02"]
[Round "14.4"]
[White "Koneru, Humpy"]
[Black "Iturrizaga Bonelli, Eduardo"]
[Result "0-1"]
[WhiteTitle "GM"]
[BlackTitle "GM"]
[WhiteElo "2586"]
[BlackElo "2607"]
[WhiteFideId "5008123"]
[BlackFideId "3901211"]
[EventDate "2021.07.31"]

1. d4 Nf6 2. c4 g6 3. Nc3 Bg7 4. e4 O-O 5. Be3 d6 6. Be2 c5 7. dxc5 Qa5 8. f3
dxc5 9. e5 Nfd7 10. f4 Nc6 11. Nf3 f6 12. O-O fxe5 13. Qd5+ Kh8 14. fxe5 Nb6 15.
Qe4 Bf5 16. Qh4 Nxe5 17. Ng5 h6 18. Nge4 Kh7 19. Nxc5 Qb4 20. g4 g5 21. Qh3
Nexc4 22. Bf2 Bg6 23. Ne6 Qxb2 24. Nxf8+ Rxf8 25. Bxb6 Qxb6+ 26. Kh1 Rxf1+ 27.
Rxf1 Nd2 28. Rd1 Bxc3 29. Bd3 Qc6+ 0-1

[Event "Chessable Masters Prelim"]
[Site "chess24.com INT"]
[Date "2021.08.02"]
[Round "14.5"]
[White "Le, Quang Liem"]
[Black "Tari, Aryan"]
[Result "1/2-1/2"]
[WhiteTitle "GM"]
[BlackTitle "GM"]
[WhiteElo "2709"]
[BlackElo "2639"]
[WhiteFideId "12401137"]
[BlackFideId "1510045"]
[EventDate "2021.07.31"]

1. Nf3 d5 2. d4 Nf6 3. c4 e6 4. Nc3 c5 5. e3 Nc6 6. a3 dxc4 7. Bxc4 a6 8. O-O b5
9. Ba2 Bb7 10. Qe2 cxd4 11. Rd1 b4 12. axb4 Nxb4 13. Bb1 d3 14. Bxd3 Nxd3 15.
Rxd3 Qc7 16. e4 Be7 17. Bg5 h6 18. Bh4 O-O 19. Bg3 Qb6 20. Ne5 Rfd8 21. Nc4 Qc5
22. Na5 Rxd3 23. Qxd3 Rd8 24. Nxb7 Rxd3 25. Nxc5 Bxc5 26. Kf1 Rd2 27. f3 Bd4 28.
Ne2 Bxb2 29. Rxa6 Rd1+ 30. Kf2 g5 31. Ra2 Rb1 32. Rxb2 Rxb2 33. Be5 Rxe2+ 34.
Kxe2 Nd7 35. Bd4 Kh7 36. Kf2 Kg6 37. Kg3 f5 38. exf5+ exf5 39. h4 Nf8 40. hxg5
hxg5 41. Be5 Ne6 42. Kf2 f4 43. g3 fxg3+ 44. Kxg3 Kf5 45. Bc3 Nc5 46. Bd2 Nd3
47. Bxg5 Kxg5 48. f4+ Nxf4 1/2-1/2

[Event "Chessable Masters Prelim"]
[Site "chess24.com INT"]
[Date "2021.08.02"]
[Round "14.6"]
[White "Mamedyarov, Shakhriyar"]
[Black "Aronian, Levon"]
[Result "1/2-1/2"]
[WhiteTitle "GM"]
[BlackTitle "GM"]
[WhiteElo "2782"]
[BlackElo "2782"]
[WhiteFideId "13401319"]
[BlackFideId "13300474"]
[EventDate "2021.07.31"]

1. d4 Nf6 2. c4 e6 3. Nf3 d5 4. Nc3 Bb4 5. Bg5 dxc4 6. e4 c5 7. Bxc4 cxd4 8.
Nxd4 Qa5 9. Bxf6 Bxc3+ 10. bxc3 Qxc3+ 11. Kf1 gxf6 12. Rc1 Qa5 13. Bb5+ Ke7 14.
e5 fxe5 15. Qh5 Nd7 16. Qg5+ Kf8 17. Rxc8+ Rxc8 18. Bxd7 Qd8 19. Nxe6+ fxe6 20.
Qh6+ Ke7 21. Qxe6+ Kf8 22. Qh6+ Ke7 23. Qe6+ Kf8 24. Qh6+ Ke7 25. Qe6+ 1/2-1/2

[Event "Chessable Masters Prelim"]
[Site "chess24.com INT"]
[Date "2021.08.02"]
[Round "14.7"]
[White "Adhiban, Baskaran"]
[Black "So, Wesley"]
[Result "0-1"]
[WhiteTitle "GM"]
[BlackTitle "GM"]
[WhiteElo "2660"]
[BlackElo "2772"]
[WhiteFideId "5018471"]
[BlackFideId "5202213"]
[EventDate "2021.07.31"]

1. e4 e5 2. Nf3 Nc6 3. Bc4 Bc5 4. d3 d6 5. c3 Bb6 6. O-O h6 7. a4 Nf6 8. b4 a5
9. b5 Ne7 10. Be3 Bxe3 11. fxe3 O-O 12. Nbd2 Ng6 13. Qe1 c6 14. Nh4 d5 15. exd5
cxd5 16. Bb3 Nxh4 17. Qxh4 Be6 18. d4 Rc8 19. Rac1 Ng4 20. Qxd8 Rfxd8 21. Rfe1
Rc7 22. h3 Nf6 23. dxe5 Nd7 24. Nf3 Rdc8 25. Red1 Nb6 26. Nd4 Rxc3 27. Rxc3 Rxc3
28. e4 Rc5 29. Kf2 Kf8 30. Nxe6+ fxe6 31. exd5 Nxd5 32. Bxd5 exd5 33. Rd3 Kf7
34. Rg3 Rc2+ 35. Kf1 Rc7 36. Ke2 Ke6 37. Kd3 Kxe5 38. Rg6 d4 39. h4 Kd5 40. h5
Kc5 41. Re6 Rd7 42. Re8 Kb4 43. Rc8 Kxa4 44. b6 Rd6 45. Rc7 Rxb6 46. Rxg7 Kb3
47. Rg6 Rb5 48. Rxh6 a4 49. Rh8 a3 50. h6 Ra5 51. Rb8 a2 52. Rxb7+ Ka3 53. h7
a1=Q 54. h8=Q Qc3+ 55. Ke2 Re5+ 56. Qxe5 d3+ 0-1

[Event "Chessable Masters Prelim"]
[Site "chess24.com INT"]
[Date "2021.08.02"]
[Round "15.1"]
[White "Firouzja, Alireza"]
[Black "Mishra, Abhimanyu"]
[Result "1-0"]
[WhiteTitle "GM"]
[BlackTitle "IM"]
[WhiteElo "2759"]
[BlackElo "2504"]
[WhiteFideId "12573981"]
[BlackFideId "30920019"]
[EventDate "2021.07.31"]

1. d4 d5 2. Nf3 Nf6 3. e3 c6 4. Bd3 Bg4 5. h3 Bh5 6. c4 e6 7. Qb3 Qb6 8. Nh4 Na6
9. Nc3 Qxb3 10. axb3 Nb4 11. Bb1 Be7 12. g4 Nd7 13. Nf3 Bg6 14. Bxg6 hxg6 15.
Ke2 O-O 16. Bd2 a5 17. h4 f6 18. g5 Kf7 19. h5 gxh5 20. Rxh5 f5 21. Rg1 Rh8 22.
g6+ Kg8 23. Rxh8+ Kxh8 24. cxd5 exd5 25. Rh1+ Kg8 26. Ne5 Nxe5 27. dxe5 b5 28.
Rh5 Rf8 29. f4 Na6 30. Kd1 Nc5 31. Ne2 Nxb3 32. Ng3 Nxd2 33. Kxd2 a4 34. Nxf5
Bc5 35. e6 b4 36. e7 Re8 37. Rh7 Rxe7 38. Nxe7+ Bxe7 39. Rh1 Bf6 40. Rc1 Bxb2
41. Rxc6 Kf8 42. Ra6 a3 43. Kc2 Ke7 44. f5 Bc3 45. Kb3 d4 46. exd4 Bxd4 47. Kxb4
Bb2 48. Kb3 Bc1 49. Re6+ Kf8 50. Rc6 Bb2 51. Rc7 Ke8 52. Ra7 Kd8 53. Kc4 Kc8 54.
Kd5 Kb8 55. Ra4 Kc7 56. Ke6 Kc6 57. f6 Bxf6 58. Rxa3 Kc5 59. Rh3 Kd4 60. Rh7 Ke4
61. Kf7 Kf5 62. Rxg7 Bxg7 63. Kxg7 Ke6 64. Kh7 Kf6 65. g7 Ke5 66. g8=Q 1-0

[Event "Chessable Masters Prelim"]
[Site "chess24.com INT"]
[Date "2021.08.02"]
[Round "15.3"]
[White "Aronian, Levon"]
[Black "Adhiban, Baskaran"]
[Result "1-0"]
[WhiteTitle "GM"]
[BlackTitle "GM"]
[WhiteElo "2782"]
[BlackElo "2660"]
[WhiteFideId "13300474"]
[BlackFideId "5018471"]
[EventDate "2021.07.31"]

1. b3 e5 2. Bb2 Nc6 3. e3 Nf6 4. Bb5 Bd6 5. Ne2 a6 6. Bxc6 dxc6 7. d3 Qe7 8. Nd2
Be6 9. O-O O-O-O 10. Qe1 h5 11. e4 h4 12. Nc4 Bxc4 13. bxc4 Nh5 14. Qc3 c5 15.
f4 exf4 16. e5 f6 17. exd6 Qxe2 18. dxc7 Qe3+ 19. Rf2 Rde8 20. Bc1 Qe1+ 21. Qxe1
Rxe1+ 22. Rf1 Rxf1+ 23. Kxf1 Kxc7 24. a4 g5 25. Bd2 Ng7 26. Bc3 Rh6 27. Re1 Nf5
28. Re6 h3 29. Rxf6 Ne3+ 30. Kg1 Rxf6 31. Bxf6 Nxg2 32. Bxg5 Kd6 33. Kf2 Ke5 34.
Kf3 Kf5 35. Be7 Ne1+ 36. Ke2 Nxc2 37. Bxc5 Ke5 38. Kf3 Kf5 39. a5 Ne1+ 40. Ke2
Nc2 41. Kd2 1-0

[Event "Chessable Masters Prelim"]
[Site "chess24.com INT"]
[Date "2021.08.02"]
[Round "15.4"]
[White "Tari, Aryan"]
[Black "Mamedyarov, Shakhriyar"]
[Result "1/2-1/2"]
[WhiteTitle "GM"]
[BlackTitle "GM"]
[WhiteElo "2639"]
[BlackElo "2782"]
[WhiteFideId "1510045"]
[BlackFideId "13401319"]
[EventDate "2021.07.31"]

1. e4 e5 2. Nf3 Nf6 3. Nxe5 d6 4. Nf3 Nxe4 5. d3 Nf6 6. d4 Be7 7. Bd3 O-O 8. O-O
Bg4 9. Re1 c5 10. h3 Bh5 11. dxc5 dxc5 12. g4 Bg6 13. Bxg6 hxg6 14. Qxd8 Bxd8
15. Bf4 Na6 16. g5 Nh5 17. Bh2 Bc7 18. Nc3 Bxh2+ 19. Kxh2 Nb4 20. Rac1 f6 21.
Ne4 b6 22. a3 Nc6 23. Rcd1 Rad8 24. Rxd8 Rxd8 25. Ng3 Nxg3 26. Kxg3 Kf7 27. h4
Nd4 28. Nxd4 Rxd4 29. Re2 c4 30. c3 Rd3+ 31. f3 b5 32. Kg4 a6 33. Kg3 Rd5 34.
Kg4 Rd3 35. Kg3 Rd5 36. Kg4 Rd3 1/2-1/2

[Event "Chessable Masters Prelim"]
[Site "chess24.com INT"]
[Date "2021.08.02"]
[Round "15.5"]
[White "Iturrizaga Bonelli, Eduardo"]
[Black "Le, Quang Liem"]
[Result "1/2-1/2"]
[WhiteTitle "GM"]
[BlackTitle "GM"]
[WhiteElo "2607"]
[BlackElo "2709"]
[WhiteFideId "3901211"]
[BlackFideId "12401137"]
[EventDate "2021.07.31"]

1. c4 Nf6 2. g3 e5 3. Bg2 d5 4. cxd5 Nxd5 5. Nf3 Nc6 6. O-O Nb6 7. b3 Be6 8. Bb2
f6 9. Nc3 Qd7 10. Qc1 O-O-O 11. d4 Nxd4 12. Nxd4 exd4 13. Rd1 Kb8 14. Ne4 Qb5
15. Bxd4 Be7 16. Nc3 Qf5 17. a4 a6 18. a5 Nd5 19. Na4 Nb4 20. Ba7+ Kxa7 21. Qxc7
Nd5 22. Bxd5 Rxd5 23. Qxe7 Rhd8 24. Rxd5 Rxd5 25. Rc1 Rxa5 26. Nc5 Bc8 27. Qc7
Ra2 28. Na4 Rxe2 29. Qb6+ Kb8 30. Qd6+ Ka7 31. Qd4+ Kb8 32. Qd6+ Ka7 33. Qd4+
Kb8 34. Qd6+ 1/2-1/2

[Event "Chessable Masters Prelim"]
[Site "chess24.com INT"]
[Date "2021.08.02"]
[Round "15.6"]
[White "Ju, Wenjun"]
[Black "Koneru, Humpy"]
[Result "1-0"]
[WhiteTitle "GM"]
[BlackTitle "GM"]
[WhiteElo "2560"]
[BlackElo "2586"]
[WhiteFideId "8603006"]
[BlackFideId "5008123"]
[EventDate "2021.07.31"]

1. d4 d5 2. c4 e6 3. Nf3 Nf6 4. Nc3 Be7 5. g3 O-O 6. Bg2 c6 7. Qd3 b6 8. O-O Ba6
9. b3 Nbd7 10. e4 dxc4 11. bxc4 e5 12. dxe5 Ng4 13. Bf4 g5 14. Bh3 Ndxe5 15.
Nxe5 Nxe5 16. Qxd8 Nf3+ 17. Kg2 Raxd8 18. Bc7 Rd3 19. Nd1 Bf6 20. Rc1 Re8 21.
Ne3 Ne5 22. Rc2 h5 23. Bf5 Re7 24. Bb8 Rd8 25. Bxe5 Bxe5 26. f4 Rd3 27. Nd1 gxf4
28. gxf4 Bd4 29. e5 Ra3 30. Nf2 c5 31. Ne4 Bb7 32. Rf3 Rxf3 33. Kxf3 f6 34. e6
Bc8 35. Re2 Bb7 36. Kg3 Rg7+ 37. Kh4 Kf8 38. Kxh5 Ke7 39. Kh4 Rg1 40. Bg4 Ba6
41. Ng3 Rxg3 42. Kxg3 Bxc4 43. Rd2 b5 44. h4 b4 45. h5 f5 46. Bxf5 a5 47. h6 Kf6
48. h7 Kg7 49. e7 Bb5 50. Rh2 Kh8 51. Re2 Be8 52. Re6 a4 53. Bg6 1-0